000
00278nam a2200121Ia 4500
008
231129s9999||||xx |||||||||||||| ||spa||
040
_b
spa
082
_a
I823 C597e
100
_a
Clarke Arthur
245
0
_a
Expedicion a la tierra
264
_a
E.D.H.A.S.A
942
_2
ddc
_c
BKS
999
_c
13786
_d
13786